| 000 | 003840000a22001450004500 | ||
|---|---|---|---|
| 020 | _a84-226-1037-X | ||
| 041 | 0 | _aSPA | |
| 082 | 0 | 4 | _aG 813 H488p |
| 100 | 1 | _aHemingway, Ernest (1899-1961) | |
| 245 | 1 | 0 | _aPor quién doblan las campanas / Ernest Hemingway ; Lola de Aguado, Traductor |
| 260 | _aEspaña : Círculo de Lectores | ||
| 300 | _a550 Pág. | ||
| 001 | 14227 | ||
| 942 | _cBK | ||
| 999 |
_c43122 _d43122 |
||